The art of mystery & detective stories : the best illustrations from over a century of crime fiction /

Bibliographic Details
Main Author: Haining, Peter
Other Authors: Wood, Stanley L.
Format: Book
Language:English
Published: Secaucus, N.J. : Chartwell Books, 1986.
Edition:1986 edition.
Subjects:

MARC

Tag First Indicator Second Indicator Subfields
LEADER 00000cam a2200000 a 4500
001 in00000018306
005 20231201202851.3
008 870312r19861977njua 000 0 eng d
020 |a 1555210961 
035 |a (OCoLC)15306750 
035 |9 AAB0794AM 
040 |a CIA  |c CIA  |d TXA  |d UtOrBLW 
049 |a TXAS  |c [A09876332] 
050 4 |a NC961.7.D46  |b A8 1986 
100 1 |a Haining, Peter. 
245 1 4 |a The art of mystery & detective stories :  |b the best illustrations from over a century of crime fiction /  |c Peter Haining ; designed by Christopher Scott. 
246 3 |a Art of mystery and detective stories 
250 |a 1986 edition. 
264 1 |a Secaucus, N.J. :  |b Chartwell Books,  |c 1986. 
300 |a 174 pages :  |b chiefly illustrations (some color), facsimiles ;  |c 28 cm. 
336 |a text  |b txt  |2 rdacontent 
337 |a unmediated  |b n  |2 rdamedia 
338 |a volume  |b nc  |2 rdacarrier 
500 |a First published in Great Britain in 1977 by Souvenir Press. 
500 |a Includes several illustrations by Stanley L. Wood. 
650 0 |a Detective and mystery stories  |x Illustrations. 
700 1 |a Wood, Stanley L. 
999 |a MARS 
999 f f |s 5ad96719-3b8f-3248-b00d-b56309006c44  |i 4e24bdff-5164-39b9-8f85-2e025bb8db4b  |t 0 
952 f f |p noncirc  |a Texas A&M University  |b College Station  |c Cushing Memorial Library & Archives  |d Cushing: Dykes (Does not check out)  |t 0  |e NC961.7.D46 A8 1986  |h Library of Congress classification  |i unmediated -- volume  |m A14853127222 
998 f f |a NC961.7.D46 A8 1986  |t 0  |l Cushing: Dykes (Does not check out)